000 00612nam a2200205 i 4500
001 47546
003 ES-MaACL
005 20230906161604.0
007 t|
008 030505s1916 sp ||||1| spa d
080 _a821.134.2-32"19"
100 1 _aHoyos y Vinent, Antonio de,
_dca. 1885-1940
_964441
245 1 3 _aEl caso clĂ­nico
_b: novela /
_cpor Antonio de Hoyos y Vinent.
260 _aMadrid :
_b[s.n.],
_c1916.
300 _a34 p. ;
_c19 cm.
490 1 _aLa novela corta ;
_v3
830 0 _aLa novela corta ;
_v3
_9182142
852 _aES-MaACL
_jG-4947(3)
_bR.132489
999 _c47546
_d47546